|
|
|
|
| LEADER |
01452nam a2200313 a 4500 |
| 001 |
17199246 |
| 008 |
121008s2012 inu 000 0 eng d |
| 010 |
|
|
|a 2012934909
|
| 020 |
|
|
|a 9781118220146
|
| 020 |
|
|
|a 9781118233849
|
| 020 |
|
|
|a 9781118258521
|
| 020 |
|
|
|a 9780470371749 (pbk : alk. paper)
|
| 020 |
|
|
|a 0470371749 (pbk : alk. paper)
|
| 040 |
|
|
|a DLC
|c DLC
|d BD-DhAAL
|
| 082 |
0 |
0 |
|a 005.133
|2 22
|
| 100 |
1 |
|
|a Burd, Barry J.
|
| 245 |
1 |
0 |
|a Beginning programming with java for dummies(r) /
|c Barry Burd
|
| 250 |
|
|
|a 3rd ed.
|
| 260 |
|
|
|a Hoboken, N.J. :
|b Wiley,
|c 2012.
|
| 300 |
|
|
|a xviii, 436 p. ;
|c 24 cm.
|
| 490 |
1 |
|
|a For dummies
|
| 500 |
|
|
|a Includes index.
|
| 541 |
1 |
|
|e 00026072
|
| 650 |
|
0 |
|a Java (Computer program language)
|
| 852 |
1 |
|
|a Ayesha Abed Library
|j General shelf
|
| 999 |
|
|
|c 12887
|d 12887
|
| 952 |
|
|
|0 0
|1 4
|4 0
|6 005_133000000000000_BUR
|7 0
|9 21239
|a BRACUL
|b BRACUL
|c GEN
|d 2012-10-08
|e Karim International
|g 2320.00
|l 15
|m 38
|o 005.133 BUR
|p 3010026072
|r 2014-09-23
|s 2014-06-11
|t 1
|w 2012-10-08
|y BK
|x Koha Inventory 2020
|
| 952 |
|
|
|0 0
|1 0
|4 0
|6 005_133000000000000_BUR
|7 0
|9 21240
|a BRACUL
|b BRACUL
|c GEN
|d 2012-10-08
|e Karim International
|g 2320.00
|l 46
|m 234
|o 005.133 BUR
|p 3010026073
|q 2026-03-15
|r 2025-11-19
|s 2025-11-19
|t 2
|w 2012-10-08
|y BK
|
| 952 |
|
|
|0 0
|1 0
|4 0
|6 005_133000000000000_BUR
|7 0
|9 21241
|a BRACUL
|b BRACUL
|c GEN
|d 2012-10-08
|e Karim International
|g 2320.00
|l 52
|m 245
|o 005.133 BUR
|p 3010026074
|q 2026-05-19
|r 2026-03-04
|s 2026-03-04
|t 3
|w 2012-10-08
|y BK
|